[Event "SVK-chT4 A21 2223"]
[Site "Slovakia"]
[Date "2022.12.11"]
[Round "5.4"]
[White "Mraz, Jan"]
[Black "Visvader, Kristof"]
[Result "1-0"]
[WhiteElo "1593"]
[BlackElo "1580"]
[PlyCount "75"]
[EventDate "2022.10.09"]
[EventType "team-tourn"]
[EventRounds "11"]
[EventCountry "SVK"]
[SourceTitle "EXT 2024"]
[Source "ChessBase"]
[SourceDate "2023.10.10"]
[SourceVersion "1"]
[SourceVersionDate "2023.10.10"]
[SourceQuality "1"]
[WhiteTeam "Petrova Ves"]
[BlackTeam "Brezova pod Bradlom"]
[WhiteTeamCountry "SVK"]
[BlackTeamCountry "SVK"]

1. c4 e5 2. Nc3 Nc6 3. d3 Bc5 4. e3 Nf6 5. g3 0-0 6. Bg2 d6 7. Nge2 Bf5 8. a3 a6 9. b4 Ba7 10. 0-0 Re8 11. e4 Be6 12. Be3 Qd7 13. Bxa7 Rxa7 14. b5 Nd4 15. bxa6 Nxe2+ 16. Qxe2 Rxa6 17. a4 Rea8 18. Rfb1 b6 19. Qb2 Qc8 20. Qd2 Nd7 21. Ra3 Nc5 22. Rba1 Bd7 23. f4 Nxa4 24. fxe5 dxe5 25. Nd5 Qd8 26. d4 exd4 27. Qxd4 Be6 28. Qe5 Bxd5 29. exd5 Nc5 30. Rxa6 Rxa6 31. Re1 Kf8 32. Qf5 g6 33. Qf3 Ra4 34. Qc3 Kg8 35. Re5 Qf6 36. Re8+ Kg7 37. Rg8+ Kxg8 38. Qxf6 1-0

[Event "SVK-chT4 A21 2223"]
[Site "Slovakia"]
[Date "2022.11.13"]
[Round "3.4"]
[White "Mraz, Jan"]
[Black "Kurinec, Jozef"]
[Result "1-0"]
[WhiteElo "1593"]
[BlackElo "1865"]
[PlyCount "51"]
[EventDate "2022.10.09"]
[EventType "team-tourn"]
[EventRounds "11"]
[EventCountry "SVK"]
[SourceTitle "EXT 2024"]
[Source "ChessBase"]
[SourceDate "2023.10.10"]
[SourceVersion "1"]
[SourceVersionDate "2023.10.10"]
[SourceQuality "1"]
[WhiteTeam "Petrova Ves"]
[BlackTeam "Smolenice"]
[WhiteTeamCountry "SVK"]
[BlackTeamCountry "SVK"]

1. c4 e5 2. g3 Bc5 3. Bg2 Nf6 4. e3 d5 5. cxd5 Nxd5 6. Ne2 c6 7. Nbc3 Be6 8. 0-0 Nd7 9. a3 N7f6 10. Qc2 0-0 11. Nxd5 Bxd5 12. Qxc5 Rc8 13. b4 b5 14. Rd1 Bb3 15. Re1 Re8 16. Qc3 Bc4 17. d4 Bxe2 18. Rxe2 exd4 19. Qd2 d3 20. Re1 Ne4 21. Bxe4 Rxe4 22. Rd1 Rc4 23. Qxd3 Qf6 24. Bb2 Qe7 25. Qd7 Re8 26. Qxe7 1-0

[Event "SVK-chT3A2 2122"]
[Site "Slovakia"]
[Date "2022.04.24"]
[Round "6.7"]
[White "Mraz, Jan"]
[Black "Petrek, Miroslav"]
[Result "1-0"]
[WhiteElo "1616"]
[BlackElo "1396"]
[PlyCount "63"]
[EventDate "2021.10.10"]
[EventType "team-tourn"]
[EventRounds "11"]
[EventCountry "SVK"]
[SourceTitle "EXT 2024"]
[Source "ChessBase"]
[SourceDate "2023.10.10"]
[SourceVersion "1"]
[SourceVersionDate "2023.10.10"]
[SourceQuality "1"]
[WhiteTeam "Gbely Nafta"]
[BlackTeam "Skalica"]
[WhiteTeamCountry "SVK"]
[BlackTeamCountry "SVK"]

1. c4 Nf6 2. Nc3 e6 3. g3 Be7 4. Bg2 0-0 5. d3 c5 6. e3 Nc6 7. a3 Qb6 8. Bxc6 Qxc6 9. Qf3 Qc7 10. Nge2 d6 11. 0-0 Bd7 12. e4 Bc6 13. Qg2 Qb6 14. f3 Rfd8 15. Rb1 Qb3 16. Nf4 Rd7 17. Qd2 Bd8 18. Rf2 Ba5 19. Qc2 Qb6 20. Bd2 Qd8 21. Be3 Qe7 22. b4 d5 23. Bxc5 Qd8 24. bxa5 Qxa5 25. Bb4 Qc7 26. exd5 exd5 27. cxd5 Bxd5 28. Ncxd5 Qxc2 29. Nxf6+ gxf6 30. Rxc2 a5 31. Bd2 Rb8 32. Bxa5 1-0

[Event "SVK-chT5 SE-SI 1920"]
[Site "Slovakia"]
[Date "2020.06.27"]
[Round "9.2"]
[White "Mraz, Jan"]
[Black "Visvader, Kristof"]
[Result "1/2-1/2"]
[WhiteElo "1636"]
[BlackElo "1439"]
[PlyCount "89"]
[EventDate "2019.10.19"]
[EventType "team-tourn"]
[EventRounds "14"]
[EventCountry "SVK"]
[SourceTitle "EXT 2022"]
[Source "ChessBase"]
[SourceDate "2021.10.06"]
[SourceVersion "1"]
[SourceVersionDate "2021.10.06"]
[SourceQuality "1"]
[WhiteTeam "Jabuca Petrova Ves Gbely V"]
[BlackTeam "Borsky Mikulas"]
[WhiteTeamCountry "SVK"]
[BlackTeamCountry "SVK"]

1. c4 Nf6 2. Nc3 e6 3. g3 d5 4. Qb3 Nbd7 5. d3 Nc5 6. Qc2 c6 7. Bg2 Be7 8. cxd5 cxd5 9. d4 Ncd7 10. Bg5 Qb6 11. e3 h6 12. Bxf6 Nxf6 13. Rc1 Bd7 14. Nf3 Rc8 15. Ne5 0-0 16. 0-0 Rc7 17. Qd2 Rfc8 18. a3 Qa5 19. Rc2 b5 20. Nxd7 Nxd7 21. Nb1 Qxd2 22. Rxd2 Rc2 23. Rxc2 Rxc2 24. b4 Nb6 25. Bf3 Nc4 26. Bd1 Rb2 27. Bf3 a5 28. bxa5 Nxa5 29. Rd1 Nc4 30. Nc3 Bxa3 31. Rb1 Rxb1+ 32. Nxb1 b4 33. Bd1 Bc1 34. Bb3 Nd2 35. Nxd2 Bxd2 36. Kf1 f5 37. Ke2 Bc3 38. f3 Kf7 39. Kd3 Kf6 40. e4 fxe4+ 41. fxe4 dxe4+ 42. Kxe4 Be1 43. Bd1 Bf2 44. Ba4 h5 45. Bc2 1/2-1/2

[Event "Skalica op"]
[Site "Skalica"]
[Date "2020.01.11"]
[Round "1"]
[White "Mraz, Jan"]
[Black "Jablonicky, Martin"]
[Result "0-1"]
[WhiteElo "1657"]
[BlackElo "2258"]
[PlyCount "68"]
[EventDate "2020.01.11"]
[EventType "swiss"]
[EventRounds "9"]
[EventCountry "SVK"]
[SourceTitle "CBM 194 Extra"]
[Source "ChessBase"]
[SourceDate "2020.03.31"]
[SourceVersion "1"]
[SourceVersionDate "2020.03.31"]
[SourceQuality "1"]

1. d4 Nf6 2. e3 d5 3. Bd3 c5 4. dxc5 e6 5. Ne2 Bxc5 6. 0-0 0-0 7. c3 Nc6 8. h3 e5 9. Ng3 e4 10. Be2 Bd6 11. Nh5 Nxh5 12. Bxh5 Qg5 13. Bg4 Bxg4 14. Qxg4 Qxg4 15. hxg4 Ne5 16. f4 Nxg4 17. Bd2 Bc5 18. Re1 f5 19. b4 Bb6 20. a4 a5 21. bxa5 Bc5 22. Na3 g5 23. g3 gxf4 24. gxf4 Kf7 25. Re2 Rg8 26. Kf1 Ra6 27. Ke1 Rh6 28. Kd1 Rh1+ 29. Re1 Rxe1+ 30. Bxe1 Nxe3+ 31. Kc1 Rg1 32. Kb2 Bxa3+ 33. Kxa3 Nc2+ 34. Kb2 Nxa1 0-1

[Event "Skalica op"]
[Site "Skalica"]
[Date "2020.01.11"]
[Round "7"]
[White "Mraz, Jan"]
[Black "Sefcik, Marek"]
[Result "0-1"]
[WhiteElo "1657"]
[BlackElo "1988"]
[PlyCount "140"]
[EventDate "2020.01.11"]
[EventType "swiss"]
[EventRounds "9"]
[EventCountry "SVK"]
[SourceTitle "CBM 194 Extra"]
[Source "ChessBase"]
[SourceDate "2020.03.31"]
[SourceVersion "1"]
[SourceVersionDate "2020.03.31"]
[SourceQuality "1"]

1. d4 Nc6 2. e3 e5 3. Ne2 Nf6 4. g3 exd4 5. Nxd4 d5 6. Bg2 Be7 7. 0-0 0-0 8. Nc3 Ne5 9. f4 Bg4 10. Qd2 Nc4 11. Qf2 c6 12. b3 Nd6 13. h3 Bd7 14. g4 Re8 15. g5 Nfe4 16. Nxe4 Nxe4 17. Bxe4 dxe4 18. Qg3 f6 19. h4 c5 20. Ne2 f5 21. Bb2 Qc7 22. Nc3 Bc6 23. Rf2 Rad8 24. h5 Rd7 25. Rd1 Red8 26. Rxd7 Rxd7 27. h6 g6 28. Qg2 Qd8 29. Bc1 b5 30. Rd2 Kf7 31. Rxd7 Qxd7 32. Qd2 Ke6 33. Qxd7+ Bxd7 34. Ne2 Kd5 35. Bb2 b4 36. c3 c4 37. cxb4 Bxb4 38. Bc3 Ba3 39. b4 Ba4 40. Bd4 Bxb4 41. Bxa7 c3 42. Bd4 Kc4 43. a3 Ba5 44. Nxc3 Bxc3 45. Bb6 Kb3 46. Bc5 Bb2 47. Kf2 Bxa3 48. Bd4 Kc2 49. Ke1 Bb4+ 50. Ke2 Bb5+ 51. Kf2 Kd2 52. Bb6 Kd3 53. Ba7 Ba4 54. Bd4 Bd1 55. Bb6 Bg4 56. Ba7 Kd2 57. Bd4 Kd1 58. Bb6 Be1+ 59. Kf1 Be2+ 60. Kg2 Ba6 61. Bd4 Ke2 62. Bc5 Bf2 63. Bb6 Bxe3 64. Bxe3 Kxe3 65. Kg3 Bb7 66. Kh4 Kxf4 67. Kh3 Kf3 68. Kh4 e3 69. Kh3 e2 70. Kh2 e1R 0-1

[Event "SVK-chT5 SE-SI 1819"]
[Site "Slovakia"]
[Date "2019.02.09"]
[Round "7.1"]
[White "Mraz, Jan"]
[Black "Bochnickova, Simona"]
[Result "0-1"]
[WhiteElo "1724"]
[BlackElo "1537"]
[PlyCount "80"]
[EventDate "2018.10.20"]
[EventType "team-tourn"]
[EventRounds "10"]
[EventCountry "SVK"]
[SourceTitle "CBM 189 Extra"]
[Source "ChessBase"]
[SourceDate "2019.06.03"]
[SourceVersion "1"]
[SourceVersionDate "2019.06.03"]
[SourceQuality "1"]
[WhiteTeam "Gbely Nafta IV"]
[BlackTeam "Senica CVC IV"]
[WhiteTeamCountry "SVK"]
[BlackTeamCountry "SVK"]

1. d4 d5 2. e3 c5 3. c3 Nf6 4. Bd3 Nc6 5. Ne2 e6 6. Ng3 Bd6 7. 0-0 0-0 8. f4 b6 9. b3 a5 10. a4 Ba6 11. Na3 Bxd3 12. Qxd3 cxd4 13. cxd4 Nb4 14. Qb5 Rc8 15. Bd2 Nc2 16. Nxc2 Rxc2 17. Qd3 Qc7 18. Rfc1 Rc8 19. h3 Ba3 20. Rxc2 Qxc2 21. Qxc2 Rxc2 22. Bxa5 Bb2 23. Ra2 bxa5 24. Kf1 Kf8 25. Ne2 Ne4 26. g4 Rxe2 27. b4 axb4 28. a5 b3 29. Ra4 Ng3+ 30. Kg1 Bc3 31. Ra3 b2 32. Rb3 Re1+ 33. Kg2 b1Q 34. Rxb1 Rxb1 35. Kxg3 Bxa5 36. Kh4 Rg1 37. Kh5 h6 38. h4 Kg8 39. g5 Kh7 40. f5 g6+ 0-1

[Event "SVK-chT4 A21 1516"]
[Site "Slovakia"]
[Date "2015.11.08"]
[Round "3.1"]
[White "Piestansky, Jan"]
[Black "Mraz, Jan"]
[Result "0-1"]
[WhiteElo "1680"]
[BlackElo "1253"]
[PlyCount "94"]
[EventDate "2015.10.04"]
[EventType "team-tourn"]
[EventRounds "11"]
[EventCountry "SVK"]
[SourceTitle "CBM 170 Extra"]
[Source "ChessBase"]
[SourceDate "2016.02.25"]
[SourceVersion "1"]
[SourceVersionDate "2016.02.25"]
[SourceQuality "1"]
[WhiteTeam "Chtelnica Kamenar"]
[BlackTeam "Gbely Nafta II"]
[WhiteTeamCountry "SVK"]
[BlackTeamCountry "SVK"]

1. e4 e6 2. Nf3 g6 3. d4 Bg7 4. c3 b6 5. Bd3 Bb7 6. Be3 Ne7 7. Nbd2 d6 8. h3 Nd7 9. 0-0 0-0 10. Bc2 c5 11. dxc5 dxc5 12. Rb1 Nf6 13. Bg5 h6 14. Bh4 Nh5 15. Re1 Qc7 16. Bxe7 Qxe7 17. g3 Rad8 18. Qe2 Qc7 19. Kg2 Rd7 20. Rbd1 Rfd8 21. Nf1 Bc6 22. Rxd7 Rxd7 23. Rd1 a5 24. Rd2 b5 25. Qe3 c4 26. Nd4 Nf6 27. Nxc6 Qxc6 28. f3 b4 29. cxb4 axb4 30. h4 Ne8 31. Rxd7 Qxd7 32. Qc5 c3 33. bxc3 bxc3 34. a4 Qc7 35. Qb4 Nd6 36. a5 Nc4 37. a6 Bd4 38. Bd3 Ne3+ 39. Nxe3 Bxe3 40. Qa4 Ba7 41. Qb3 Qc5 42. Kh3 Qg1 43. Qxc3 Bf2 44. Qc8+ Kg7 45. Qc7 h5 46. Qe5+ Kh7 47. g4 Qh1+ 0-1

[Event "SVK-chT3A2 1011"]
[Site "Slovakia"]
[Date "2011.03.13"]
[Round "10.8"]
[White "Mraz, Jan"]
[Black "Jablonicky, Martin"]
[Result "0-1"]
[WhiteElo "1000"]
[BlackElo "1884"]
[PlyCount "70"]
[EventDate "2010.10.17"]
[EventType "team-tourn"]
[EventRounds "11"]
[EventCountry "SVK"]
[SourceTitle "EXT 2019"]
[Source "ChessBase"]
[SourceDate "2018.10.10"]
[SourceVersion "1"]
[SourceVersionDate "2018.10.10"]
[SourceQuality "1"]
[WhiteTeam "Gbely Nafta"]
[BlackTeam "Trnava Modranka"]
[WhiteTeamCountry "SVK"]
[BlackTeamCountry "SVK"]

1. e4 e5 2. Nf3 d6 3. d4 exd4 4. Nxd4 Nf6 5. Nc3 Be7 6. Bc4 a6 7. 0-0 b5 8. Bb3 c5 9. Nf3 c4 10. a3 cxb3 11. cxb3 Bb7 12. Re1 0-0 13. e5 dxe5 14. Nxe5 Qxd1 15. Rxd1 Nc6 16. Nxc6 Bxc6 17. Bf4 Rad8 18. Rxd8 Rxd8 19. Rd1 Rxd1+ 20. Nxd1 Ne4 21. Nc3 Nxc3 22. bxc3 Bxa3 23. c4 b4 24. Be5 Be4 25. Kf1 Bc2 26. Ke2 Bxb3 27. Kd3 Ba4 28. Kd4 Bb2+ 29. Ke4 Bxe5 30. Kxe5 Bb3 31. Kd4 Bxc4 32. Kxc4 a5 33. Kb3 Kf8 34. Ka4 Ke7 35. Kxa5 b3 0-1

[Event "SVK-chT3A2 1011"]
[Site "Slovakia"]
[Date "2010.10.17"]
[Round "1.8"]
[White "Mraz, Jan"]
[Black "Kosar, Mikulas1111"]
[Result "1/2-1/2"]
[WhiteElo "1000"]
[BlackElo "1835"]
[PlyCount "82"]
[EventDate "2010.10.17"]
[EventType "team-tourn"]
[EventRounds "11"]
[EventCountry "SVK"]
[SourceTitle "EXT 2019"]
[Source "ChessBase"]
[SourceDate "2018.10.10"]
[SourceVersion "1"]
[SourceVersionDate "2018.10.10"]
[SourceQuality "1"]
[WhiteTeam "Gbely Nafta"]
[BlackTeam "Gabcikovo Russel"]
[WhiteTeamCountry "SVK"]
[BlackTeamCountry "SVK"]

1. d4 d5 2. c4 Nf6 3. Nc3 Bf5 4. e3 e6 5. Bd2 Ne4 6. Nxe4 Bxe4 7. Rc1 Be7 8. Nf3 Nd7 9. cxd5 exd5 10. g3 c6 11. Bg2 Qb6 12. Bc3 Bb4 13. Qb3 Bxc3+ 14. Rxc3 Qxb3 15. Rxb3 Rb8 16. 0-0 0-0 17. Rc1 Nb6 18. Nd2 Bxg2 19. Kxg2 Rfe8 20. Rbc3 f5 21. b3 Nc8 22. Nf3 Nd6 23. Ne5 Re7 24. f3 Rc7 25. h3 Rbc8 26. g4 g6 27. a4 a6 28. g5 Nf7 29. Nxf7 Kxf7 30. f4 Ke6 31. Kf3 Re8 32. b4 Kd6 33. b5 axb5 34. axb5 Ra8 35. b6 Re7 36. Rb3 Ra6 37. h4 Re8 38. Rh1 Raa8 39. h5 Rg8 40. hxg6 hxg6 41. Rh7 Rh8 1/2-1/2